MLB Opening Day Starting Pitchers 2019 - Statistics

General Stats
  • This quiz has been taken 54 times
  • The average score is 13 of 30
Answer Stats
Team Name % Correct
Washington Nationals Max Scherzer
88%
Houston Astros Justin Verlander
84%
New York Mets Jacob deGrom
81%
San Francisco Giants Madison Bumgarner
81%
Cleveland Indians Corey Kluber
77%
Tampa Bay Rays Blake Snell
74%
Philadelphia Phillies Aaron Nola
72%
Boston Red Sox Chris Sale
72%
Arizona Diamondbacks Zack Greinke
65%
Chicago Cubs Jon Lester
63%
Los Angeles Dodgers Hyun-Jin Ryu
60%
New York Yankees Masahiro Tanaka
58%
Toronto Blue Jays Marcus Stroman
51%
Cincinnati Reds Luis Castillo
49%
St Louis Cardinals Miles Mikolas
44%
Atlanta Braves Julio Teheran
40%
Detroit Tigers Jordan Zimmermann
30%
Colorado Rockies Kyle Freeland
30%
Pittsburgh Pirates Jameson Taillon
26%
Minnesota Twins Jose Berrios
26%
Oakland Athletics Mike Fiers
26%
Kansas City Royals Brad Keller
23%
Chicago White Sox Carlos Rodon
23%
Seattle Mariners Marco Gonzales
23%
Texas Rangers Mike Minor
23%
Miami Marlins Jose Urena
14%
Baltimore Orioles Alex Cobb
12%
Milwaukee Brewers Jhoulys Chacin
9%
Los Angeles Angels Trevor Cahill
9%
San Diego Padres Eric Lauer
5%
No matching quizzes found
Score Distribution
Percent of People with Each Score
Percentile by Number Answered
Your Score History
You have not taken this quiz